5HLuxD.jpg

KING HENRY VIII SENIOR AND PRIMARY SCHOOL LIBRARY OPAC

Mutual act of kindness = Buat Baik Dibalas Baik / (Record no. 3050)

000 -LEADER
fixed length control field 00729nam a22002417a 4500
003 - CONTROL NUMBER IDENTIFIER
control field OSt
005 - DATE AND TIME OF LATEST TRANSACTION
control field 20230927105408.0
008 - FIXED-LENGTH DATA ELEMENTS--GENERAL INFORMATION
fixed length control field 230927b ||||| |||| 00| 0 eng d
020 ## - INTERNATIONAL STANDARD BOOK NUMBER
International Standard Book Number 9789670624242
040 ## - CATALOGING SOURCE
Transcribing agency KH8
082 ## - DEWEY DECIMAL CLASSIFICATION NUMBER
Classification number 400 LIE
100 ## - MAIN ENTRY--PERSONAL NAME
Personal name K. F. Liew,
Relator term author.
245 ## - TITLE STATEMENT
Title Mutual act of kindness = Buat Baik Dibalas Baik /
Statement of responsibility, etc. K. F. Liew.
260 ## - PUBLICATION, DISTRIBUTION, ETC.
Place of publication, distribution, etc. Kuala Lumpur:
Name of publisher, distributor, etc. Pustaka Kalam Bestari,
Date of publication, distribution, etc. 2015.
300 ## - PHYSICAL DESCRIPTION
Extent 24 pages :
Other physical details colour illustrations;
Dimensions 26 cm.
440 ## - SERIES STATEMENT/ADDED ENTRY--TITLE
Title Practice Etiquette Series
650 ## - SUBJECT ADDED ENTRY--TOPICAL TERM
Topical term or geographic name entry element English fiction
650 ## - SUBJECT ADDED ENTRY--TOPICAL TERM
Topical term or geographic name entry element Children's stories
Form subdivision English
650 ## - SUBJECT ADDED ENTRY--TOPICAL TERM
Topical term or geographic name entry element Didactic fiction
Form subdivision Malay
650 ## - SUBJECT ADDED ENTRY--TOPICAL TERM
Topical term or geographic name entry element Didactic fiction
Form subdivision English
830 ## - SERIES ADDED ENTRY--UNIFORM TITLE
Uniform title Practice Etiquette Series
942 ## - ADDED ENTRY ELEMENTS (KOHA)
Source of classification or shelving scheme
Koha item type Teaching Resources
Holdings
Withdrawn status Lost status Source of classification or shelving scheme Damaged status Not for loan Collection code Permanent Location Current Location Shelving location Date acquired Full call number Barcode Date last seen Price effective from Koha item type
          Teaching Resources KH8 Senior School Library KH8 Senior School Library Staff Office 2023-09-27 400 LIE TRKHSL003478 2023-09-27 2023-09-27 Teaching Resources

Powered By KH8 IT Dept